| 000 | 00752 a2200181 4500 | ||
|---|---|---|---|
| 003 | Nust | ||
| 005 | 20170207153154.0 | ||
| 040 | _cNust | ||
| 082 | _a005.8 | ||
| 100 | _aTipu, Adnan Mazhar ( MSIS-1) | ||
| 245 |
_aDevelopment of software for encryption/decryption system based on symmetric cryptographic algorithm _cAdnan Mazhar Tipu |
||
| 260 |
_bMCS (NUST) _cFeb, 2005 _aRawalpindi |
||
| 300 | _aix, 98 p. | ||
| 505 | _aOverview (page-1) Introduction to cryptography (page-5) Practical cryptosystems (page-16) The advanced encryption standard (page-42) Implementation of i -crypt crypto-system (page-58) Modified AES system (page-67) summary and conclusions (page-76) | ||
| 538 | _a Almirah No.70 Shelf No.4 | ||
| 650 | _aPG Thesis | ||
| 651 | _aMSIS-1 | ||
| 942 | _cTHS | ||
| 999 |
_c180681 _d180681 |
||